<?xml version="1.0" encoding="UTF-8"?>
<record
    xmlns:xsi="http://www.w3.org/2001/XMLSchema-instance"
    xsi:schemaLocation="http://www.loc.gov/MARC21/slim http://www.loc.gov/standards/marcxml/schema/MARC21slim.xsd"
    xmlns="http://www.loc.gov/MARC21/slim">

  <leader>01678nam a2200361 a 4500</leader>
  <controlfield tag="001">000008224</controlfield>
  <controlfield tag="003">DO-SdBNP</controlfield>
  <controlfield tag="005">20180404133343.0</controlfield>
  <controlfield tag="007">000008224</controlfield>
  <controlfield tag="008">090915s2006    dr ad         001 0 spa d</controlfield>
  <datafield tag="040" ind1=" " ind2=" ">
    <subfield code="a">BPMET</subfield>
    <subfield code="b">spa</subfield>
    <subfield code="c">BPMET</subfield>
  </datafield>
  <datafield tag="092" ind1=" " ind2=" ">
    <subfield code="a">RD 631.5233 </subfield>
    <subfield code="b">C748t</subfield>
  </datafield>
  <datafield tag="111" ind1="2" ind2=" ">
    <subfield code="a">Conferencia Internacional sobre Organismos Gen&#xE9;ticamente Modificados (Transg&#xE9;nicos) (</subfield>
    <subfield code="d">(2005  :</subfield>
    <subfield code="c">Santo Domingo)</subfield>
  </datafield>
  <datafield tag="245" ind1="1" ind2="0">
    <subfield code="a">Transg&#xE9;nicos en Santo Domingo /</subfield>
    <subfield code="c">presentaci&#xF3;n Sonia V&#xE1;squez ; edici&#xF3;n Andrea Brechelt.</subfield>
  </datafield>
  <datafield tag="246" ind1="0" ind2="3">
    <subfield code="a">Transg&#xE9;nicos en Santo Domingo</subfield>
  </datafield>
  <datafield tag="260" ind1=" " ind2=" ">
    <subfield code="a">Santo Domingo :</subfield>
    <subfield code="b">FAMA,</subfield>
    <subfield code="c">2006.</subfield>
  </datafield>
  <datafield tag="300" ind1=" " ind2=" ">
    <subfield code="a">151 p. :</subfield>
    <subfield code="b">il. ;</subfield>
    <subfield code="c">22 cm.</subfield>
  </datafield>
  <datafield tag="500" ind1=" " ind2=" ">
    <subfield code="a">Incluye biograf&#xED;a y notas al pie de las  p&#xE1;ginas.</subfield>
  </datafield>
  <datafield tag="505" ind1="0" ind2=" ">
    <subfield code="t">La situaci&#xF3;n actual de los transg&#xE9;nicos en Am&#xE9;rica Latina --</subfield>
    <subfield code="t">Los transg&#xE9;nicos y la agricultura org&#xE1;nica --</subfield>
    <subfield code="t">La situaci&#xF3;n actual de la investigaci&#xF3;n sobre los transg&#xE9;nicos en la Rep&#xFA;blica Dominicana --</subfield>
    <subfield code="t">Marco jur&#xED;dico de los transg&#xE9;nicos en la Rep&#xFA;blica Dominicana --</subfield>
    <subfield code="t">Declaraci&#xF3;n final: Declaraci&#xF3;n de Santo Domingo.</subfield>
  </datafield>
  <datafield tag="650" ind1=" " ind2="4">
    <subfield code="a">ALIMENTOS TRANSG&#xC9;NICOS</subfield>
    <subfield code="x">CONGRESOS,CONFERENCIAS,ETC.</subfield>
  </datafield>
  <datafield tag="650" ind1=" " ind2="4">
    <subfield code="a">INGENIER&#xCD;A GEN&#xC9;TICA</subfield>
    <subfield code="x">CONGRESOS, CONFERENCIAS, ETC.</subfield>
  </datafield>
  <datafield tag="650" ind1=" " ind2="4">
    <subfield code="a">BIOTECNOLOG&#xCD;A</subfield>
    <subfield code="x">CONGRESOS,CONFERENCIAS,ETC.</subfield>
  </datafield>
  <datafield tag="700" ind1="1" ind2=" ">
    <subfield code="a">V&#xE1;squez, Sonia.</subfield>
  </datafield>
  <datafield tag="700" ind1="1" ind2=" ">
    <subfield code="a">Brechelt, Andrea,</subfield>
    <subfield code="e">ed.</subfield>
  </datafield>
  <datafield tag="710" ind1="2" ind2=" ">
    <subfield code="a">Fundaci&#xF3;n Agricultura y Medio Ambiente . (Rep&#xFA;blica Dominicana)</subfield>
  </datafield>
  <datafield tag="910" ind1=" " ind2=" ">
    <subfield code="a">Validado. Control de calidad EMS</subfield>
  </datafield>
  <datafield tag="930" ind1=" " ind2="1">
    <subfield code="l"> </subfield>
    <subfield code="m"> </subfield>
    <subfield code="h"> </subfield>
    <subfield code="8"> </subfield>
    <subfield code="f"> </subfield>
    <subfield code="p"> </subfield>
    <subfield code="g"> </subfield>
  </datafield>
  <datafield tag="942" ind1=" " ind2=" ">
    <subfield code="2">ddc</subfield>
    <subfield code="c">BK</subfield>
  </datafield>
  <datafield tag="945" ind1=" " ind2=" ">
    <subfield code="a">Remanejado para la BNPHU / 2018 VM</subfield>
  </datafield>
  <datafield tag="952" ind1=" " ind2=" ">
    <subfield code="0">0</subfield>
    <subfield code="1">0</subfield>
    <subfield code="2">ddc</subfield>
    <subfield code="4">0</subfield>
    <subfield code="7">0</subfield>
    <subfield code="8">CD</subfield>
    <subfield code="a">BPMET</subfield>
    <subfield code="b">BPMET</subfield>
    <subfield code="d">2015-04-28</subfield>
    <subfield code="l">0</subfield>
    <subfield code="o">631.5233   C748t</subfield>
    <subfield code="p">BPMSU15041439</subfield>
    <subfield code="r">2015-04-28</subfield>
    <subfield code="w">2015-04-28</subfield>
    <subfield code="y">BK</subfield>
  </datafield>
  <datafield tag="952" ind1=" " ind2=" ">
    <subfield code="0">0</subfield>
    <subfield code="1">0</subfield>
    <subfield code="2">ddc</subfield>
    <subfield code="4">0</subfield>
    <subfield code="7">0</subfield>
    <subfield code="8">CD</subfield>
    <subfield code="a">BPMET</subfield>
    <subfield code="b">BPMET</subfield>
    <subfield code="d">2015-04-28</subfield>
    <subfield code="l">0</subfield>
    <subfield code="o">631.5233   C748t</subfield>
    <subfield code="p">BPMSU15041440</subfield>
    <subfield code="r">2015-04-28</subfield>
    <subfield code="t">e. 2</subfield>
    <subfield code="w">2015-04-28</subfield>
    <subfield code="y">BK</subfield>
  </datafield>
  <datafield tag="956" ind1=" " ind2=" ">
    <subfield code="a"> </subfield>
    <subfield code="b"> </subfield>
    <subfield code="c"> </subfield>
    <subfield code="l"> </subfield>
    <subfield code="h"> </subfield>
  </datafield>
  <datafield tag="956" ind1=" " ind2=" ">
    <subfield code="a"> </subfield>
    <subfield code="b"> </subfield>
    <subfield code="c"> </subfield>
    <subfield code="l"> </subfield>
    <subfield code="h"> </subfield>
  </datafield>
  <datafield tag="956" ind1=" " ind2=" ">
    <subfield code="a">VMATEO</subfield>
    <subfield code="b">10</subfield>
    <subfield code="c">20150428</subfield>
    <subfield code="l">BPMSU</subfield>
    <subfield code="h">0069</subfield>
  </datafield>
  <datafield tag="999" ind1=" " ind2=" ">
    <subfield code="c">7741</subfield>
    <subfield code="d">7741</subfield>
  </datafield>
</record>
